000 00370nam a2200145Ia 4500
008 220216s9999 xx 000 0 und d
100 _aSakhibun Bin Mohd Husin
245 0 _aPromising RRIM rainguard with new sealant (RRIMGUD)
260 _bPlanters Bulletin
_c1988
300 _a18-23
650 _aRainguard
650 _aRRIMGUD
650 _aRubber
942 _cJS
999 _c65939
_d65939